000 00854nam a2200265Ia 4500
003 OSt
005 20220928125013.0
006 a|||||r|||| 00| 0
007 ta
008 220927b |||||||| |||| 00| 0 eng d
020 _c2651.4998000000001
024 _a120242
037 _b151, 01/10/2013, Classic Book Service
_cTextual
040 _aSDCL
_cSDCL
_beng
041 _2eng
_aeng
082 _aV1:19(zB)'P, Q3
100 _aBjola Corneliu
_9467532
245 0 _aUnderstanding international diplomacy
_b Theory,pracctice and ethics.
260 _aLondon
_bRoutledge
_c2013
300 _axvi;240p.
_ccm.
650 _aPolitical Science
700 _a Kornprobst Markus
_9467533
942 _hV1:19(zB)'P, Q3
_cTEXL
_2CC
999 _c780393
_d780393